|
|
|
|
| LEADER |
00000nab a2200000 a 4500 |
| 001 |
vtls000705188 |
| 003 |
SK-MaSNL |
| 005 |
20260304130938.0 |
| 008 |
250429c1999 xo 0 slo |
| 015 |
|
|
|a SNBRB2000/06-16449
|
| 035 |
|
|
|a CLN000057355
|
| 035 |
|
|
|a (urnnbn)urn:nbn:sk:snk:ar-004f2t
|
| 035 |
|
|
|a (uuid)f46102c1-ed5b-44ee-9568-dc62b5af225a
|
| 035 |
|
|
|a urn:nbn:sk:snk-ab7vwn
|
| 040 |
|
|
|a SNKBUCL
|b slo
|c SNKBUCL
|e AACR2
|
| 041 |
0 |
|
|a slo
|
| 044 |
|
|
|a xo
|c SK
|
| 080 |
|
|
|a 951/959"195":327.51
|2 1997
|
| 080 |
|
|
|a 961/969"195":327.51
|2 1997
|
| 080 |
|
|
|a 962.0"195":327.51
|2 1997
|
| 080 |
|
|
|a 973"195":327
|2 1997
|
| 080 |
|
|
|a 327.51(5/6)"195"
|2 1997
|
| 100 |
1 |
|
|a Sorby, Karol R.,
|d 1939-
|4 aut
|9 85665
|
| 245 |
1 |
0 |
|a Bagdadský pakt a problémy arabskej zahraničnej politiky v polovici päťdesiatych rokov
|c Karol Sorby
|
| 500 |
|
|
|a Poznámky pod čiarou
|
| 504 |
|
|
|a Res. angl., nem.
|
| 504 |
|
|
|a Bibliogr. odkazy
|
| 610 |
2 |
7 |
|a Liga arabských štátov
|y stor. 20., r. 50.
|2 snkbucl
|9 1443199
|
| 610 |
2 |
7 |
|a Arabský pakt kolektívnej bezpečnosti
|y stor. 20., r. 50.
|2 snkbucl
|9 1443200
|
| 610 |
2 |
7 |
|a Bagdadský pakt
|y 1955
|2 snkbucl
|9 17471
|
| 648 |
|
7 |
|a 20. stor., 50. r.
|2 snkbucl
|9 360404
|
| 651 |
|
7 |
|a Blízky východ
|2 snkbucl
|9 60147
|
| 651 |
|
7 |
|a Stredný východ
|x dejiny
|y stor. 20., r. 50.
|x bezpečnosť kolektívna
|2 snkbucl
|9 1443201
|
| 651 |
|
7 |
|a Egypt
|2 snkbucl
|9 16952
|
| 651 |
|
7 |
|a Spojené štáty americké
|x Blízky východ
|x Stredný východ
|x postavenie
|2 snkbucl
|9 1443202
|
| 651 |
|
7 |
|a Turecko
|2 snkbucl
|9 16927
|
| 651 |
|
7 |
|a arabské krajiny
|2 snkbucl
|9 71675
|
| 655 |
|
7 |
|a články z novín a časopisov
|2 snkbucl
|9 267496
|
| 773 |
0 |
|
|t Historický časopis
|g Roč. 47, č. 3 (1999), s. 466-488
|x 0018-2575
|
| 850 |
|
|
|a Slovenská národná knižnica
|
| 852 |
|
|
|a Slovenská národná knižnica
|
| 954 |
|
|
|a odborná, vedecká literatúra pôvodná (slovenská)
|2 lita
|
| 958 |
|
|
|a article9
|
| 958 |
|
|
|a OND
|
| 958 |
|
|
|a TR
|
| 958 |
|
|
|a EG
|
| 958 |
|
|
|a US
|
| 958 |
|
|
|a NB
|
| 958 |
|
|
|a EUIPO
|
| 992 |
|
|
|a RBX
|
| 999 |
|
|
|c 2895867
|d 2897797
|